| 000 | 00885cam a2200301 4500 | ||
|---|---|---|---|
| 001 | ABS66967 | ||
| 008 | 030820n2003 000 0 eng u | ||
| 035 | _a(Sirsi) u123313 | ||
| 245 | _aFocus 2003: Staffordshire | ||
| 260 | _c2003 | ||
| 490 |
_aEstates Gazette _v(0329) 19 July 2003, 73-87(7) |
||
| 590 | _aABS | ||
| 650 | _aSTAFFORDSHIRE | ||
| 650 | _aSTAFFORD | ||
| 650 | _aSTOKE ON TRENT | ||
| 650 | _aBURTON ON TRENT | ||
| 650 | _aPROPERTY-COMMERCIAL PROPERTY-OFFICE PROPERTY-OFFICE PROPERTY MARKET | ||
| 650 | _aPROPERTY-COMMERCIAL PROPERTY-RETAIL PROPERTY-RETAIL PROPERTY MARKET | ||
| 650 | _aINDUSTRIAL MARKET | ||
| 650 | _aM6 TOLL | ||
| 650 | _aRETAIL RENTS | ||
| 650 | _aOFFICE RENTS | ||
| 650 | _aINDUSTRIAL RENTS | ||
| 650 | _aTAKE UP | ||
| 650 | _aAVAILABILITY | ||
| 690 | _aPROPERTY-COMMERCIAL PROPERTY-COMMERCIAL PROPERTY MARKET | ||
| 942 | _n0 | ||
| 999 |
_c73249 _d73249 |
||